| 000 | 00728nam a22002177a 4500 | ||
|---|---|---|---|
| 005 | 20170124110212.0 | ||
| 010 | _aA-937408 | ||
| 020 |
_c00.00 _a8171548105 |
||
| 035 | _aA-937408 | ||
| 037 | _bCen Lib/Ret | ||
| 040 |
_aDPL _bEN |
||
| 082 |
_a305.56 _bKAD |
||
| 100 |
_aKadam, K. N _97579 |
||
| 245 |
_aThe meaning of the Ambedkarite conversion to Buddhism and other essays / _cby K. N. Kadam |
||
| 260 |
_aMumbai _bPopular Prakashan _c1997 |
||
| 270 |
_a35 C, Pandit Madan Mahan Malaviya Marg, Popular Press Building, Opp. 'Roche' _bMumbai _e400034 |
||
| 300 |
_avi,114p. _c21cm(Hb) |
||
| 650 |
_aBuddhist converts from Hinduism _938399 |
||
| 650 |
_aBuddhism _91068 |
||
| 942 |
_2ddc _cEN _h305.56 _mKAD |
||
| 999 |
_c133602 _d133602 |
||